All Beatles Solo Albums - Statistics

General Stats
  • This quiz has been taken 30 times
  • The average score is 37 of 65
Answer Stats
Year Answer % Correct
1971 Imagine
100%
1980 Double Fantasy
95%
1970 All Things Must Pass
90%
1973 Band on the Run
81%
1970 McCartney
81%
1970 Plastic Ono Band
81%
1973 Ringo
81%
1979 George Harrison
76%
1971 Ram
76%
1987 Cloud Nine
71%
1973 Mind Games
71%
1974 Goodnight Vienna
67%
1980 McCartney II
67%
1976 Wings at the Speed of Sound
67%
1970 Beaucoups of Blues
62%
2002 Brainwashed
62%
1974 Dark Horse
62%
2017 Egypt Station
62%
1982 Gone Troppo
62%
2020 McCartney III
62%
1984 Milk and Honey
62%
1983 Pipes of Peace
62%
1973 Red Rose Speedway
62%
1975 Rock 'n' Roll
62%
1972 Some Time in New York City
62%
1982 Tug of War
62%
1975 Venus and Mars
62%
1974 Walls and Bridges
62%
1979 Back to the Egg
57%
1975 Extra Texture (Read All About It)
57%
1997 Flaming PIe
57%
1989 Flowers in the Dirt
57%
1973 Living in the Material World
57%
2007 Memory Almost Full
57%
2013 New
57%
1993 Off the Ground
57%
1976 Ringo's Rotogravure
57%
1977 Ringo the 4th
57%
1970 Sentimental Journey
57%
1981 Somewhere in England
57%
1981 Stop and Smell the Roses
57%
1976 Thirty Three & ⅓
57%
1971 Wild Life
57%
1978 Bad Boy
52%
2005 Chaos and Creation in the Backyard
52%
2001 Driving Rain
52%
1984 Give My Regards to Broad Street
52%
2012 Kisses on the Bottom
52%
1978 London Town
52%
2003 Ringo Rama
48%
1999 Run Devil Run
48%
1988 CHOBA B CCCP (Back in the USSR)
43%
2008 Liverpool 8
43%
1986 Press to Play
43%
1998 Vertical Man
43%
2025 Look Up
38%
1992 Time Takes Time
38%
2005 Choose Love
33%
2017 Give More Love
33%
1983 Old Wave
33%
2019 What's My Name
33%
2010 Y Not
33%
1999 I Wanna Be Santa Claus
29%
2012 Ringo 2012
29%
2015 Postcards from Paradise
24%
No matching quizzes found
Score Distribution
Percent of People with Each Score
Percentile by Number Answered
Your Score History
You have not taken this quiz